00597 2200229 4500001002100000005001700021008004100038020001800079035002400097040001200121082001000133090001700143100001400160245005300174260002700227300002800254500002700282650001600309850001200325990001500337990001500352YOGYA-0209000003882020090227025415.0 ind  a979-731-590-8 0010-020900000038820 aYOPDYOG a642.5 a642.5bMar R aMARSUM WA aRestoran dan segala peramasalahannya/cMarsum WA aYogyakartabAndic2005 ax, 367 hlmbilusc23 cm aBibliografi : hlm. 367 aRumah makan aYOPDYOG a05B0011623 a05B0011624